000 00595nam a22002297a 4500
003 OSt
005 20180116182958.0
008 140617b xxu||||| |||| 00| 0 eng d
020 _a9780415824057
022 _a9780415824057
040 _c0
050 _a658.3
082 _a658.3
100 _aEntrekin,Lanny
245 _aHuman Resource Management and Change.
_bA Practising Manager's Guide.
_cLanny Entrekin
260 _aNew York
_bRoutledge.
_c2014
300 _a214p.
500 _aPaper Cover
600 _aEntrekin,Lanny
700 _aEntrekin,Lanny
942 _2ddc
_cBK
_k658.3
999 _c349723
_d349723